| 000 | 00420cam a22000977a 4500 | ||
|---|---|---|---|
| 008 | 180718b1958 xxu||||| |||| 00| 0 eng d | ||
| 082 | _aU2203x5444 M999e | ||
| 245 | _aRules and conditions for the grant of licences to electrical contractors, certificates of competencya and permits to electrical supervisors, permits to wiremen and matters connected therewith | ||
| 260 |
_aBangalore _bGovernment Press _c1958 |
||
| 300 | _a28p | ||
| 999 |
_c424231 _d424231 |
||